000 00902nam a2200277Ia 4500
005 20220316235447.0
008 121119s1996 ck gr 000 p spa
020 _a9583600261
041 1 _aspa
100 1 _aHeine, Heinrich
_d1797-1856
245 1 0 _aSueños y canciones
_cHeinrich Heine ; traducción y prólogo de Luis Fayad
250 _aPrimera edición
300 _a99 páginas
_c21 cm
534 _bTexto bilingue en español y alemán
650 1 4 _aPoesía alemana
_2LEMB
650 1 4 _aSueños
_vPoesías
_2LEMB
650 1 4 _aRomanticismo en la poesía
_2LEMB
700 1 _aFayad, Luis,
_d1945-
_etraductor
_937705
942 _2loc
_cBKLIT
264 _aSanta Fé de Bogotá
_bEl Ancora Editores
_c1996
336 _atexto
_btxt
_2rdacontent
337 _asin mediación
_bn
_2rdamedia
338 _avolumen
_bnc
_2rdacarrier
040 _aCO-BoRNBP
_bspa
_erda
_cCO-BoRNBP
084 _aP HEI3
999 _c1029
_d1029